| 000 | 01119nam a2200313u 4500 | ||
|---|---|---|---|
| 001 | 24294 | ||
| 003 | BD-RjUL | ||
| 005 | 20211209001031.0 | ||
| 008 | 140313r19461933enk 001 0 eng | ||
| 035 | _a(BD-RjUL)24360 | ||
| 040 |
_aDLC _cCarP _dDLC _dBD-RjUL _beng |
||
| 041 | _aeng | ||
| 041 | _agrc | ||
| 082 | 0 | 0 |
_219 _a930 _bDID V-1 1946 |
| 100 | 0 |
_aDiodorus, _974062 |
|
| 245 | 0 | 0 |
_aDiodorus of Sicily / _cDiodorus Siculus ; with an english translation by C. H. Oldfather. _nVolune 1 _pBooks I and II, 1-34 |
| 260 |
_aLondon : _bW. Heinemann ; _aCambridge, Mass. : _bHarvard University Press, _c1933 _c [Reprinted 1946]. |
||
| 300 |
_axxvii, 470 p. : _bIll. , maps ; _c17 cm. |
||
| 490 |
_a Loeb Classical Library; _v 279. |
||
| 500 | _a"Parallel Greek text and English translation." | ||
| 500 | _a"In Ten Volumes" | ||
| 504 | _aIncludes bibliographical references and index. | ||
| 650 | 0 |
_aHistory, Ancient. _974824 |
|
| 700 | 1 |
_a Oldfather, C. H., tr. _974825 |
|
| 830 |
_a Loeb Classical Library; _v 279. _9117311 |
||
| 942 |
_2ddc _cBK |
||
| 999 |
_c24294 _d24294 |
||